[Event "Dhaka"]
[Site "Dhaka"]
[Date "1995.??.??"]
[Round "7"]
[White "Krasenkow, Michal"]
[Black "Serper, Grigory"]
[Result "1-0"]
[WhiteElo "2575"]
[BlackElo "2585"]
[Annotator "Chekhov,V"]
[PlyCount "85"]
[EventDate "1995.??.??"]
[EventType "tourn"]
[EventRounds "13"]
[EventCountry "BAN"]
[EventCategory "9"]
[SourceTitle "CBM 048"]
[Source "ChessBase"]
[SourceDate "1995.10.01"]
[SourceVersion "1"]
[SourceVersionDate "1995.10.01"]
[SourceQuality "1"]

1. c4 c6 2. d4 d5 3. e3 Nf6 4. Nc3 e6 5. Nf3 Nbd7 6. Bd3 dxc4 7. Bxc4 b5 8. Bd3
a6 9. a4 $5 Bb7 (9... b4 10. Ne4 c5 11. O-O Bb7 12. Ned2 (12. Nxf6+ Nxf6 13.
Qe2 Qd5 $6 (13... Be7 $142 $5) 14. Re1 cxd4 15. e4 Qd8 16. e5 Nd7 17. Be4 Bxe4
18. Qxe4 Rc8 19. Qxd4 Bc5 20. Qg4 $40 {Ostermeyer,P-Heil,S/GER/1981/1|0/26/})
12... Be7 13. Qe2 O-O 14. a5 Qc7 15. Re1 Rfd8 16. Nc4 (16. e4 $5 cxd4 17. e5
Nd5 18. Nb3 Nc5 19. Nxc5 Qxc5 20. Ng5 {Alterman,B-Stisis,Y/Tel Aviv/1994/1|0/
39/}) 16... Be4 17. b3 Rac8 18. Bxe4 Nxe4 19. Bb2 $14 {Kortschnoj,V-Flear,G/
Polanica Zdroj/1992/0,5/46/}) 10. Qe2 Be7 $5 (10... b4 11. Ne4 c5 12. Ned2 Be7
13. O-O) (10... Bd6 11. e4 e5 12. dxe5 Nxe5 13. Nxe5 Bxe5 14. f4 Bd4 15. e5 O-O
16. Qc2 Re8 17. Ne2 Ng4 18. Bxh7+ Kh8 19. Bf5 Qh4+ 20. g3 Bf2+ 21. Kd2 Qh5 22.
Kc3 $16 {Nenashev,A-Thorhallsson,T/Komotini/1993/1|0/42/}) 11. O-O O-O 12. Bd2
(12. Rd1 $5) 12... b4 13. Ne4 c5 14. Nxf6+ Bxf6 $6 (14... Nxf6 $142 15. dxc5
Bxf3 $5 (15... Bxc5 $143 16. e4 $36) 16. gxf3 Bxc5 17. Rfd1 (17. Bxa6 $6 Rxa6
18. Qxa6 Qxd2) (17. a5 $5) 17... a5 $13) 15. Rfd1 Qb8 (15... cxd4 16. Bxb4 Re8
17. exd4 $16) (15... a5 16. dxc5 Nxc5 17. Bxb4 axb4 18. Bxh7+ Kxh7 19. Rxd8
Rfxd8 20. Qc2+ Ne4) 16. e4 cxd4 17. Bxb4 Rc8 18. Rac1 a5 19. Rxc8+ Bxc8 (19...
Qxc8 20. Bd2 e5 21. Rc1 Qd8 22. Bb5) 20. Ba3 e5 21. Rc1 Nb6 22. Bb5 Bb7 (22...
Bd7 23. Rc5 $1 Bxb5 24. Qxb5 $16) 23. Rc5 $1 $16 Be7 $6 (23... h6 $142 24. h3
Ra7 25. Qc2 Bc8 (25... Ba8 $5) 26. Rc6 $1 Bd7 27. Bd6 Qd8 28. Bc7 Rxc7 29. Rxc7
Bxb5 30. axb5 d3 31. Qc6 $18) 24. Rxe5 Bxa3 25. Re8+ Qxe8 26. Bxe8 Rxe8 27.
bxa3 Rxe4 28. Qb2 Re6 29. Qxd4 h6 30. Ne5 $18 Nd5 (30... Nxa4 31. f4 Nb6 32.
Qd8+ Kh7 33. Nxf7 $18) (30... f6 31. Nd3 $18) 31. h3 g5 32. Qa7 Rb6 (32... Rxe5
$2 33. Qb8+ $18) 33. Qb8+ Kg7 34. Nd7 Rb1+ 35. Kh2 Nf4 36. Qf8+ Kg6 37. Qg8+
Kf5 38. Qxf7+ Ke4 39. Nc5+ Kd4 40. Nxb7 Rf1 41. Qd7+ Kc3 42. Qc6+ Kd2 43. Nc5
1-0

[Event "Corfu schev"]
[Site "Corfu"]
[Date "1990.??.??"]
[Round "1"]
[White "Skembris, Spyridon"]
[Black "Polgar, Sofia"]
[Result "1-0"]
[WhiteElo "2470"]
[BlackElo "2410"]
[Annotator "ChessBase"]
[PlyCount "57"]
[EventDate "1990.??.??"]
[EventType "schev"]
[EventRounds "6"]
[EventCountry "GRE"]
[SourceTitle "EXT 1999"]
[Source "ChessBase"]
[SourceDate "1998.11.16"]
[SourceVersion "1"]
[SourceVersionDate "1998.11.16"]
[SourceQuality "1"]

1. d4 d5 2. Nf3 Nf6 3. c4 e6 4. Nc3 c6 5. e3 Nbd7 6. Bd3 dxc4 7. Bxc4 b5 8. Bd3
Bb7 9. O-O a6 10. a4 b4 (10... bxa4 11. e4 $16) 11. Ne4 c5 12. Ned2 $5 a5 {
12...Be7!?} 13. Qe2 Qc7 (13... cxd4 14. exd4 Be7 15. Nc4 O-O 16. Bf4 $14) 14.
e4 Be7 (14... cxd4 15. Nxd4) 15. Re1 $1 $14 Rd8 {15...cd4+/=} (15... O-O 16. e5
Nd5 17. Qe4 $36 {+/-}) 16. d5 $5 exd5 (16... O-O $2 17. dxe6 fxe6 18. Bc4 $18)
(16... e5 17. b3 {/\ Bb2, Rac1, Nc4+/-}) 17. e5 Ng8 $6 (17... Nh5 $5 18. e6
Ndf6 19. exf7+ Kf8 20. Nf1 $1 $14 (20. Ng5 Nf4 $146)) (17... Ne4 $6 18. Nxe4
dxe4 19. Bxe4 $16) 18. e6 fxe6 19. Qxe6 Qc6 (19... c4 $4 20. Bxh7 $18) (19...
Qb6 $5 20. Ng5 $14) 20. Qg4 $5 $16 Bc8 $6 (20... c4 $2 21. Nxc4 dxc4 22. Be4
Qc7 23. Bxb7 Qxb7 24. Qxg7 $18) (20... Kf8 $8 {+/-}) 21. Bb5 Qf6 (21... Qg6 22.
Qxg6+ hxg6 23. Ne5 $18) 22. Nb3 $18 h5 23. Qg5 c4 24. Nxa5 Kf8 25. Qxd5 Nc5 26.
Qxd8+ $1 Bxd8 27. Re8+ Kf7 28. Ne5+ Qxe5 29. Rxe5 1-0

[Event "EU-Cup 10th final"]
[Site "Lyon"]
[Date "1994.11.20"]
[Round "3"]
[White "Nikolic, Predrag"]
[Black "Bareev, Evgeny"]
[Result "0-1"]
[WhiteElo "2655"]
[BlackElo "2675"]
[Annotator "Dorfman,J"]
[PlyCount "84"]
[EventDate "1994.11.18"]
[EventType "team-k.o."]
[EventRounds "3"]
[EventCountry "FRA"]
[SourceTitle "EXT 2020"]
[Source "ChessBase"]
[SourceDate "2019.10.17"]
[SourceVersion "1"]
[SourceVersionDate "2019.10.17"]
[SourceQuality "1"]
[WhiteTeam "Sarajevo Bosna"]
[BlackTeam "Lyon-Oyonnax Echecs"]
[WhiteTeamCountry "BIH"]
[BlackTeamCountry "FRA"]

1. d4 d5 2. c4 c6 3. Nc3 Nf6 4. e3 e6 5. Nf3 Nbd7 6. Bd3 dxc4 7. Bxc4 b5 8. Bd3
a6 9. e4 c5 10. d5 Qc7 (10... c4 11. dxe6 fxe6 12. Bc2 Bb7 13. O-O Qc7 14. Ng5
Nc5 15. e5 Qxe5 (15... Qc6 $5) 16. Re1 Qd6 17. Qxd6 Bxd6 18. Be3 O-O 19. Rad1
Be7 20. Bxc5 Bxc5 21. Nxe6 Rfc8 22. h3 Rab8 $1 (22... Bf8 23. g4 h6 24. f4 Bf3
25. Rd2 Bc6 26. g5 $36 {Karpov,An-Kramnik,V/Linares/1994/}) 23. g4 Bf3 24. Rd2
b4 25. Na4 Ba7 $1 (25... Be7 26. Ng5 b3 27. Nxf3 Bb4 28. axb3 {+/-}) 26. g5 Nd5
27. g6 $1 {[%emt 0:00:43] +/- Nikolic,P-Shirov,A/Horgen SKA/1994/0-1/ ;CBM} (
27. Nd4 c3 {[%emt 0:00:42] Nikolic,P-Bareev,E/Munich SKA/194/1/2-1/2/ ;CBM}))
11. dxe6 fxe6 12. Ng5 $2 (12. O-O) 12... Ne5 $1 13. Bc2 h6 14. Nh3 (14. f4 hxg5
15. fxe5 Qxe5 {-/+}) (14. Nf3 Bd6 {-/+}) 14... Bb7 15. f4 (15. Nf4 Rd8 16. Qe2
Qf7 17. a4 b4 18. Nd1 c4 {-/+}) 15... Rd8 16. Qe2 Nc6 17. e5 Nd4 18. Bg6+ Kd7
19. Qf2 Ng8 20. Be3 Ne7 21. Be4 (21. Bxd4 $2 cxd4 22. Qxd4+ Kc8 {-+}) 21...
Nef5 22. O-O Kc8 23. Rac1 c4 24. Bxd4 Rxd4 25. Qf3 Bc5 26. Kh1 Rd3 27. Bxb7+
Qxb7 28. Qxb7+ Kxb7 29. Nf2 Bxf2 30. Rxf2 h5 31. Ne4 Kc6 $1 {The c-pawn is
wining.} 32. Ng5 Kd5 33. Kg1 Nd4 34. Nf3 Nxf3+ 35. Rxf3 Rd8 $1 36. Rf2 (36.
Rxd3+ cxd3 37. Kf2 Ke4 {-+}) 36... Ke4 37. Re1+ Kf5 38. g3 b4 39. Kg2 h4 40.
Rc1 c3 41. bxc3 bxc3 42. gxh4 R8d4 (42... R8d4 43. Rfc2 Rd2+ 44. Kf1 Rxc2 45.
Rxc2 Rd1+ 46. Ke2 Rd2+ {-+}) 0-1

[Event "Mitropa Cup 34th"]
[Site "Zillertal"]
[Date "2015.06.17"]
[Round "4.1"]
[White "Wagner, Dennis"]
[Black "Loetscher, Roland"]
[Result "1-0"]
[WhiteElo "2569"]
[BlackElo "2449"]
[Annotator "Fischer,J"]
[PlyCount "109"]
[EventDate "2015.06.14"]
[EventType "team-tourn"]
[EventRounds "9"]
[EventCountry "AUT"]
[SourceTitle "CBM 167 Extra"]
[Source "ChessBase"]
[SourceDate "2015.09.14"]
[SourceVersion "1"]
[SourceVersionDate "2015.09.14"]
[SourceQuality "1"]
[WhiteTeam "Germany"]
[BlackTeam "Switzerland"]
[WhiteTeamCountry "GER"]
[BlackTeamCountry "SUI"]

1. d4 d5 2. c4 c6 3. Nf3 Nf6 4. Nc3 e6 5. e3 Nbd7 6. Bd3 dxc4 7. Bxc4 b5 8. Bd3
Bb7 9. O-O a6 10. e4 c5 11. d5 Qc7 12. dxe6 fxe6 13. Ng5 Qc6 14. Qe2 c4 15. Bc2
Bc5 16. b4 Bd4 17. Bb2 e5 18. Nf3 $146 {Bis hierhin stand alles schon einmal
auf dem Brett, doch dieser Zug scheint eine Neuerung zu sein.} Bxc3 {Komodo
gefällt dieser Zug nicht und plädiert stattdessen für 18...0-0 oder 18...a5.
Tatsächlich kommt Weiß im weiteren Verlauf der Partie zu einer
aussichtsreichen Stellung.} 19. Bxc3 O-O 20. Rad1 {Weiß deckt den angegriffen
Bauern auf e4 indirekt (wenn Schwarz den Bauern nimmt, hängt anschließend
der Springer auf d7) und besetzt zugleich die d-Linie.} Rae8 21. Rd2 Qc7 22.
Qe3 Nh5 23. Rfd1 Bc8 24. Qg5 Nf4 25. Rxd7 $1 {Nachdem Weiß seine Stellung in
den letzten Zügen allmählich verstärkt hat, wird es jetzt taktisch.} Bxd7
26. Bxe5 Rxe5 27. Qxe5 Qc8 28. Nd4 Bh3 {Weiß hat einen Bauern mehr, aber
durch dieses Figurenopfer verschafft sich Schwarz Konterchancen.} 29. gxh3
Nxh3+ 30. Kf1 Rxf2+ ({Nach} 30... Qg4 {hält Weiß den Vorteil mit} 31. Qg3 {
fest.}) 31. Ke1 Qg4 32. Qe8+ Rf8 33. Qe6+ Qxe6 34. Nxe6 {Schwarz hat nur einen
Bauern für die Figur und der weiße Freibauer auf der e-Linie kann stark
werden, aber einfach ist die technische Aufgabe für Weiß nicht. Seine
Figuren harmonieren nicht miteinander und die weißen Bauern sind schwach.} Rf6
35. Nc5 Ng5 36. Ke2 Rh6 37. Rd8+ Kf7 38. Rd7+ Kf8 39. Ke3 Rxh2 40. Bd1 Rxa2 {
Weiß hat die Stellung seiner Figuren verbessert und versucht, den schwarzen
König Matt zu setzen - allerdings hat ihn das zwei Bauern gekostet.} 41. e5 a5
42. Kf4 Nh3+ 43. Kf5 g6+ 44. Ke6 axb4 45. Rb7 $2 ({In dieser komplexen
Stellung macht sich Weiß das Leben schwer. Schnell zum Gewinn führte} 45. Bf3
Rf2 46. Rf7+ Kg8 (46... Ke8 47. Bc6+ Kd8 48. Nb7+ Kc8 49. Nd6+ Kb8 50. Rb7+ Ka8
51. Rb6+ Ka7 52. Nc8#) 47. Ne4 {und Weiß steht auf Gewinn.}) 45... Nf4+ 46.
Kf6 Nd5+ 47. Kg5 Rg2+ 48. Kh6 Rh2+ 49. Kg5 Rg2+ 50. Kh4 Ne3 51. Kh3 Rf2 52. e6
Nxd1 ({Obwohl nur noch wenige Figuren auf dem Brett stehen, ist die Stellung
erstaunlich komplex. So revanchiert sich Schwarz für die Ungenauigkeit des
Weißen im 45. Zug. Besser war laut Komodo} 52... Rf1 {mit der folgenden
unmenschlichen Variante:} 53. Be2 Rh1+ 54. Kg3 b3 55. Nxb3 Nf5+ 56. Kg2 Rb1 57.
Nc5 Rb2 58. Kf2 Nd4 59. Ke3 Nf5+ 60. Kf3 c3 61. Bd3 c2 62. Rc7 Nd4+ 63. Ke4 Rb4
64. Na6 Nxe6+ 65. Nxb4 Nxc7 66. Bxc2 {mit Remisstellung.}) 53. Ne4 {Jetzt
harmonieren Turm, Springer und Bauer des Weißen ausgezeichnet.} Re2 54. Rf7+
Ke8 55. Nd6+ 1-0

[Event "Dos Hermanas"]
[Site "Dos Hermanas"]
[Date "1994.??.??"]
[Round "6"]
[White "Gelfand, Boris"]
[Black "Morovic Fernandez, Ivan"]
[Result "1/2-1/2"]
[WhiteElo "2685"]
[BlackElo "2605"]
[Annotator "Ftacnik,L"]
[PlyCount "47"]
[EventDate "1994.04.??"]
[EventType "tourn"]
[EventRounds "9"]
[EventCountry "ESP"]
[EventCategory "16"]
[SourceTitle "CBM 041"]
[Source "ChessBase"]
[SourceDate "1994.08.01"]
[SourceVersion "1"]
[SourceVersionDate "1994.08.01"]
[SourceQuality "1"]

1. d4 d5 2. c4 c6 3. Nf3 Nf6 4. Nc3 e6 5. e3 Nbd7 6. Bd3 dxc4 7. Bxc4 b5 8. Bd3
a6 9. e4 c5 10. d5 Qc7 $5 (10... c4 11. Bc2 Qc7 12. Qe2 Bd6 13. Nd4 Nc5 14.
dxe6 fxe6 15. a4 b4 16. Ncb5 axb5 17. Nxb5 Qb8 18. Nxd6+ Qxd6 19. e5 Nd3+ 20.
Bxd3 cxd3 21. Qe3 Qd5 22. exf6 Qxg2 23. Rf1 gxf6 24. Bd2 $15 {Anic,D-Flear,G/
FRA-chT/1993/0-1 (34)}) 11. O-O c4 12. Bc2 Bc5 (12... e5 13. Qe2 Be7 14. Nd1
O-O 15. b3 c3 16. a3 Bb7 17. b4 a5 18. Rb1 axb4 19. axb4 Rac8 20. Bg5 h6 21.
Bxf6 Nxf6 22. Rb3 Qc4 23. Qe3 Nd7 {Stohl-Bashkov/Ml.Boleslav op/1993/0.5 (24)})
13. Qe2 e5 14. Nd1 (14. Nh4 $6 O-O 15. Kh1 Bd4 $1 $17 (15... Re8 16. Bg5 g6 17.
Rad1 Bf8 18. Qd2 Nh5 19. Bh6 Qd6 20. Bxf8 Rxf8 21. Qh6 Ndf6 22. f3 Bd7 23. Ne2
Rfe8 24. g4 $40 {Hjartarson,J-Thorhallsson,T/Reykjavik/1992/1-0 (53)}) 16. Nf5
$6 Nc5 17. Qf3 Bxf5 18. Qxf5 Qc8 $1 19. Qf3 Qg4 20. Qxg4 Nxg4 21. Nd1 f5 22.
exf5 Nf6 23. Ne3 Rad8 24. a4 $17 {Kharitonov,A-Ivanchuk,V/URS/1988/0-1 (42)}) (
14. Bg5 O-O 15. Nd1 h6 16. Bd2 Ne8 17. Ne3 Nd6 18. b4 Bd4 19. Rad1 Re8 {
Groszpeter,A-Kallai,G/HUN-chT/1992/0.5 (20)}) 14... O-O 15. b3 Nb6 16. bxc4
Nxc4 17. Bd3 Bg4 $5 (17... Nb6 18. Bg5 Nfd7 19. Rc1 $14) 18. Bxc4 Bd4 19. Rb1 (
19. Ba3 Bxa1 20. Bxf8 Bxf3 $1 (20... Rxf8 21. Ne3 Bxf3 22. Qxf3 Bd4 23. Bb3 $13
) 21. gxf3 (21. Qxf3 Qxc4 22. Ne3 Qxa2 $17) 21... Rxf8 $15) (19. Bb3 $5 Bxa1
20. Ba3 Rfe8 21. Ne3 Bxf3 22. Qxf3 Bd4 $15) 19... Qxc4 (19... Bxf3 20. Qxf3
Qxc4 21. Bg5 $13) 20. Qxc4 bxc4 21. Nxd4 exd4 22. f3 Bd7 23. Bf4 Rfc8 (23...
Bb5 $6 24. Rb4) (23... c3 24. Rb4 $1 c2 25. Nf2) 24. Nf2 (24. Nf2 Bb5 $5 25.
Rb4 c3 26. Rxd4 Bxf1 27. Kxf1 Nd7 28. Ke2 c2 29. Nd3 $44) 1/2-1/2

[Event "Linares 13th"]
[Site "Linares"]
[Date "1995.03.17"]
[Round "13"]
[White "Karpov, Anatoly"]
[Black "Illescas Cordoba, Miguel"]
[Result "1/2-1/2"]
[WhiteElo "2780"]
[BlackElo "2595"]
[Annotator "Ftacnik,L"]
[PlyCount "122"]
[EventDate "1995.03.01"]
[EventType "tourn"]
[EventRounds "13"]
[EventCountry "ESP"]
[EventCategory "17"]
[SourceTitle "CBM 046"]
[Source "ChessBase"]
[SourceDate "1995.06.01"]
[SourceVersion "1"]
[SourceVersionDate "1995.06.01"]
[SourceQuality "1"]

1. d4 Nf6 2. c4 c6 3. Nc3 d5 4. e3 e6 5. Nf3 Nbd7 6. Bd3 dxc4 7. Bxc4 b5 8. Bd3
Bb7 9. O-O a6 10. e4 c5 11. d5 c4 12. Bc2 Qc7 13. Qe2 Bd6 14. Bg5 O-O-O 15.
Rad1 h6 16. Bxf6 gxf6 17. a4 $2 (17. Kh1 $5) 17... b4 18. Rd4 Bc5 (18... bxc3
$2 19. Rxc4 Nc5 20. b4 $1 $40) 19. dxe6 (19. Rxc4 Nb6 $17) (19. d6 Qa5 20. Rxc4
Nb6 $17) 19... fxe6 (19... Bxd4 20. Nxd4 Ne5 21. Nd5 Bxd5 22. exd5 Rxd5 $17)
20. Rxc4 Nb6 21. Rxc5 Qxc5 22. Na2 Kb8 23. Bb3 $2 (23. Nc1 $17) 23... e5 $2 (
23... f5 $1 24. exf5 exf5 $19) 24. Rc1 Qa5 25. Qe1 Rc8 26. Ra1 Rhd8 27. Nxb4
Ka8 28. Be6 Rc7 29. b3 $5 Rd6 30. Bf5 Nc8 31. Nd5 Qxe1+ 32. Rxe1 Bxd5 33. exd5
Ne7 (33... Rxd5 $2 34. Be4) 34. Bd3 Nxd5 35. Nh4 Ne7 36. Bc4 a5 37. g3 (37. h3
$1 Ka7 38. Re3 Kb6 39. Rg3) 37... Ka7 38. Re3 Kb6 39. Kg2 Kc5 40. Nf3 Nc6 41.
Ne1 Rd1 42. Kh3 Nd4 43. Nd3+ Kd6 $6 (43... Kb6 $142 44. Kg4) 44. f4 exf4 (44...
Nf5 45. fxe5+ fxe5 46. Rxe5) 45. Nxf4 Re7 46. Rxe7 Kxe7 47. Nd5+ Kd6 48. Nxf6
Kc5 49. Kg4 Kb4 $2 (49... Rb1 50. Kh5 Nxb3 $13) 50. Nd5+ Ka3 51. Nc3 $1 Rh1 52.
Nb5+ Nxb5 53. axb5 Rxh2 54. b6 Rd2 55. b7 Rd8 56. Kh5 Kb4 (56... Rb8 57. Bd5)
57. Be6 Rb8 58. Bd5 Kc5 59. Bg2 Kb4 60. Bd5 Kc5 61. Bg2 Kb4 1/2-1/2

[Event "Hastings 9192"]
[Site "Hastings"]
[Date "1991.??.??"]
[Round "9"]
[White "Bareev, Evgeny"]
[Black "Shirov, Alexei"]
[Result "0-1"]
[WhiteElo "2680"]
[BlackElo "2610"]
[Annotator "Ftacnik,L"]
[PlyCount "90"]
[EventDate "1991.12.??"]
[EventType "tourn"]
[EventRounds "14"]
[EventCountry "ENG"]
[EventCategory "14"]
[SourceTitle "CBM 027"]
[Source "ChessBase"]
[SourceDate "1992.04.01"]
[SourceVersion "1"]
[SourceVersionDate "1992.04.01"]
[SourceQuality "1"]

1. d4 d5 2. c4 c6 3. Nf3 Nf6 4. Nc3 e6 5. e3 Nbd7 6. Bd3 dxc4 7. Bxc4 b5 8. Bd3
Bb7 9. O-O a6 10. e4 c5 11. d5 Qc7 12. dxe6 fxe6 13. Qe2 c4 14. Bc2 Bd6 15. Ng5
Nc5 16. f4 h6 17. Nf3 Nd3 18. Bxd3 cxd3 19. Qxd3 O-O $5 {N} (19... Rd8 20. Qe2
Bxf4 (20... b4 21. e5 Bc5+ 22. Kh1 Ng4 23. Nd1 Bc6 24. Nd4 Bxd4 25. Qxg4 Qf7
$44 {Gschnitzer,O-Lukacs,P/Budapest sept/1990/}) 21. Bxf4 Qxf4 22. a4 O-O 23.
axb5 e5 {0,5/Brenninkmeijer,J-Polgar,S/Amsterdam OHRA-II/1990/}) 20. Kh1 (20.
e5 Bc5+ 21. Kh1 Ng4 22. Nd1 Rad8 $40) 20... Rad8 21. Nd4 $6 (21. Qe2 Bxf4 22.
Bxf4 Qxf4 $15) 21... Bc5 22. Be3 (22. Nxe6 Rxd3 23. Nxc7 Nxe4 24. Nxe4 Bxe4 25.
Ne6 Rc8 26. Nxc5 Rxc5 $17) 22... Ng4 23. Nce2 (23. Bg1 Bxd4 24. Bxd4 Rxf4 $22
25. Be5 Nf2+ 26. Kg1 Qb6 $19) 23... Nxe3 24. Qxe3 Rxd4 $1 25. Nxd4 Qb6 26. Rad1
Rd8 27. f5 (27. e5 Rxd4 28. Rxd4 Bxd4 29. Qd3 Bd5 $19) 27... Rxd4 28. Rxd4 Bxd4
29. Qb3 Bxe4 30. Qxe6+ (30. fxe6 Kh7 $22 31. e7 Qb7 $1 32. Qg3 (32. e8=Q Bxg2#)
32... Qxe7 $19) 30... Qxe6 31. fxe6 Bf6 32. Re1 (32. e7 Bg6 33. Re1 Be8 $19)
32... Bg6 33. Rc1 Kf8 34. b4 (34. Rc6 Bxb2 35. Rxa6 Ke7 $19) 34... Be4 35. Rc8+
Ke7 36. Rc7+ Kxe6 37. Ra7 Bc2 38. Rxa6+ Kd5 39. Ra7 Be5 40. Ra8 Bc3 41. Rc8 Kd4
42. Rc7 Kd3 43. h4 Ba4 44. g4 Bf6 45. h5 Ke4 {Ftacnik,L} 0-1

[Event "Dos Hermanas"]
[Site "Dos Hermanas"]
[Date "1994.??.??"]
[Round "6"]
[White "Topalov, Veselin"]
[Black "Lautier, Joel"]
[Result "1/2-1/2"]
[WhiteElo "2640"]
[BlackElo "2625"]
[Annotator "Ftacnik,L"]
[PlyCount "81"]
[EventDate "1994.04.??"]
[EventType "tourn"]
[EventRounds "9"]
[EventCountry "ESP"]
[EventCategory "16"]
[SourceTitle "CBM 041"]
[Source "ChessBase"]
[SourceDate "1994.08.01"]
[SourceVersion "1"]
[SourceVersionDate "1994.08.01"]
[SourceQuality "1"]

1. c4 Nf6 2. Nf3 c6 3. Nc3 d5 4. e3 e6 5. d4 Nbd7 6. Bd3 dxc4 7. Bxc4 b5 8. Bd3
a6 9. e4 c5 10. d5 c4 11. dxe6 fxe6 12. Bc2 Qc7 13. O-O Bb7 14. Ng5 Nc5 15. e5
Qxe5 16. Re1 Qd6 17. Qxd6 Bxd6 18. Be3 O-O 19. Rad1 Be7 20. Bxc5 Bxc5 21. Nxe6
Rfc8 22. h3 Rab8 (22... Bf8 23. g4 {Karpov,An-Kramnik,V/Linares/1994/1-0 (40)})
(22... Bb4 $5 23. a3 Bxc3 24. bxc3 Bd5 25. g4 (25. Nf4 Bf7 26. Bf5 $14) 25...
Bxe6 26. Rxe6 Re8 27. Rb6 $14) 23. g4 Bf3 24. Rd2 b4 (24... Re8 25. g5 Rb6 26.
Bf5 g6 $2 27. gxf6 gxf5 28. f7+ Kxf7 29. Ng5+ $18) 25. Na4 Ba7 26. g5 (26. Nxg7
Rd8 $5 (26... c3 27. bxc3 Kxg7 28. Re7+ Kf8 29. Rxa7 bxc3 30. Rd6 $16) 27.
Rxd8+ Rxd8 28. Re7 Bb8 29. Nf5 Rd2 30. Nh6+ Kh8 $13) 26... Nd5 27. Re5 Rb5 (
27... Re8 28. Be4 Bxe4 29. Rxe4 Nc7 $13) 28. Rf5 Nc7 (28... Re8 29. Rxf3 Rxe6
$13) 29. Nxg7 (29. Nxc7 Rxf5 30. Bxf5 Rxc7 31. Rd8+ Kf7 $15) 29... Bc6 (29...
Kxg7 30. Rd7+ Kg8 31. Rxf3 Rxg5+ 32. Kf1 $36) 30. Rd6 Nd5 31. Ne6 (31. Nh5 $36)
31... Ne7 32. Rxb5 Bxb5 33. h4 Ng6 34. h5 Ne5 35. g6 (35. Nb6 Bxb6 36. Rxb6
Nf3+ 37. Kh1 Ne1 (37... Bc6 $5) 38. Bf5 c3 39. Nd4 Rf8 $132) 35... hxg6 36.
hxg6 Nf3+ 37. Kh1 Bc6 38. Nac5 Nd4+ 39. Be4 Nxe6 40. Rxe6 Bxc5 41. Rxc6 (41.
Rxc6 Rxc6 42. Bxc6 c3 43. bxc3 bxc3 44. Be4 Bxf2 $10) 1/2-1/2

[Event "Linares 10th"]
[Site "Linares"]
[Date "1992.??.??"]
[Round "1"]
[White "Gelfand, Boris"]
[Black "Illescas Cordoba, Miguel"]
[Result "1-0"]
[WhiteElo "2665"]
[BlackElo "2555"]
[Annotator "Ftacnik,L"]
[PlyCount "65"]
[EventDate "1992.02.??"]
[EventType "tourn"]
[EventRounds "13"]
[EventCountry "ESP"]
[EventCategory "17"]
[SourceTitle "CBM 028"]
[Source "ChessBase"]
[SourceDate "1992.06.01"]
[SourceVersion "1"]
[SourceVersionDate "1992.06.01"]
[SourceQuality "1"]

1. d4 d5 2. c4 c6 3. Nf3 Nf6 4. Nc3 e6 5. e3 Nbd7 6. Bd3 dxc4 7. Bxc4 b5 8. Bd3
Bb7 9. O-O a6 10. e4 c5 11. d5 c4 12. Bc2 Qc7 13. Qe2 Bd6 14. Bg5 h6 (14... e5
15. Nh4 O-O 16. Nf5 Ne8 17. Qg4 f6 18. Be3 Bc8 19. Qh4 $40 {Akopian,V-Sorokin,
M/Minsk/1990/}) 15. Bxf6 gxf6 16. a4 {N} (16. Nd4 Nc5 17. b4 cxb3 18. axb3
Bxh2+ 19. Kh1 Be5 20. Qe3 Bf4 21. Qh3 Be5 22. Qe3 $10 {Khalifman,A-Dreev,A/
Lvov/1990/}) 16... b4 (16... Qb6 17. axb5 axb5 18. Rxa8+ Bxa8 19. Ra1 Bb7 20.
b3 $36) 17. Nd1 Ne5 18. Nxe5 Bxe5 19. Ne3 Rc8 (19... Bxb2 20. d6 Qd7 21. Rab1
c3 22. Nc4 $40) 20. Rad1 h5 (20... Bxb2 $2 21. d6 Qd7 22. Nxc4 Bc3 23. Nb6 $18)
(20... Bxh2+ 21. Kh1 Be5 22. Ng4 $40) 21. Kh1 b3 22. Bb1 a5 (22... Kf8 23. Rc1
c3 24. bxc3 Bxc3 25. Nd1 $18) 23. Qd2 c3 (23... Kf8 24. d6 Qd7 25. f4 c3 26.
bxc3 Bxc3 27. Qe2 $16) 24. bxc3 Qxc3 (24... Ba6 25. c4 $16) 25. Qe2 Qb4 26. Bd3
Ke7 (26... Kf8 27. Bb5 $16) 27. Bb5 Rcd8 28. Nc4 Bb8 29. Qe3 $1 Ba8 (29... b2
30. Qb6 Ba8 31. d6+ Bxd6 32. Nxd6 $18) 30. Rd3 Rc8 31. d6+ (31. Rxb3 Qc5 $16)
31... Bxd6 32. Nxd6 Rcd8 33. Qa7+ {Ftacnik,L} 1-0

[Event "Tilburg"]
[Site "Tilburg"]
[Date "1993.??.??"]
[Round "2"]
[White "Gelfand, Boris"]
[Black "Dreev, Alexey"]
[Result "0-1"]
[WhiteElo "2670"]
[BlackElo "2570"]
[Annotator "Ftacnik,L"]
[PlyCount "88"]
[EventDate "1993.11.??"]
[EventType "k.o."]
[EventRounds "7"]
[EventCountry "NED"]
[SourceTitle "CBM 039"]
[Source "ChessBase"]
[SourceDate "1994.04.01"]
[SourceVersion "1"]
[SourceVersionDate "1994.04.01"]
[SourceQuality "1"]

1. d4 {Kortschnoj} d5 2. c4 c6 3. Nc3 Nf6 4. Nf3 e6 5. e3 Nbd7 6. Bd3 dxc4 7.
Bxc4 b5 8. Bd3 Bb7 9. O-O a6 (9... b4 {Kortschnoj}) 10. e4 c5 11. d5 c4 12. Bc2
Qc7 (12... e5 {Kortschnoj} 13. Ne2 $14) 13. Nd4 e5 (13... Nc5 {Kortschnoj} 14.
Bg5 $14) 14. Nf5 g6 15. Nh6 Nh5 16. Qf3 (16. g3 $5) 16... Nf4 (16... f6 {
Kortschnoj} 17. Ne2 $16) 17. Nxf7 (17. Bxf4 exf4 18. Ng4 h5 $19) (17. Ng4 $5 {
Kortschnoj}) 17... Kxf7 18. g3 g5 19. gxf4 gxf4 20. Qh5+ Ke7 21. Qh4+ Kf7 (
21... Nf6 $2 {Kortschnoj} 22. Bxf4 $1 exf4 23. e5 $16) 22. Bd1 $6 (22. Qh5+ Ke7
23. Qh4+ $10 Nf6 $6 24. Bxf4 exf4 25. e5 Rg8+ 26. Kh1 Bg7 27. Rae1 $40) 22...
Rg8+ 23. Kh1 Nf6 24. Bh5+ Rg6 $5 (24... Ke7 25. Bxf4 $1 exf4 26. e5 $40) (24...
Nxh5 25. Qxh5+ Kg7 (25... Rg6 {Kortschnoj} 26. Qxh7+ Bg7 27. Rg1 $14) 26. Rg1+
Kh8 27. Rxg8+ Kxg8 28. Bd2 $13) 25. Bxg6+ (25. Rg1 Nxh5 26. Qxh5 Kg7 $15) 25...
hxg6 26. Rg1 (26. f3 Be7 27. Qh3 Kg7 28. Bd2 Rh8 29. Qg2 Bc5 $132) 26... Be7 (
26... Bc5 $5) 27. Qh6 Rg8 28. f3 b4 29. Ne2 Nxd5 $1 30. exd5 (30. Bd2 Nf6 {
/\ Ne4}) 30... Bxd5 31. Rf1 (31. Qh3 Be6 (31... Qc6 32. Rf1 Bf6 33. a3 Rh8 34.
Qg2 g5 35. axb4 e4 $40) 32. Qg2 g5 $132) 31... Bf6 32. Qh7+ (32. Nxf4 exf4 33.
Qxf4 Qxf4 34. Bxf4 Bxb2 $19) 32... Rg7 33. Qh3 Be6 (33... g5 $5 {Kortschnoj}
34. Qh5+ $10) 34. Qg2 $6 (34. Qh8 $1 $13) 34... g5 35. a3 {?! Kortschnoj} (35.
h3 Qc8 (35... Rh7 {Kortschnoj} 36. Ng1 Qd7 37. Kh2 $14) 36. Ng1 Be7 {/\ Bc5})
35... g4 36. axb4 Bd5 37. Nc3 gxf3 (37... Bb7 $36 {Kortschnoj}) 38. Qf2 (38.
Qxg7+ Bxg7 (38... Kxg7 {Kortschnoj} 39. Nxd5 $13) 39. Nxd5 $13) 38... Bb7 39.
Ra5 Qd7 $1 (39... Bh4 $2 40. Qxh4 f2+ 41. Nd5 $18) 40. Nd5 (40. Rg1 Bh4 $1)
40... Bxd5 41. Qd2 (41. Rd1 Qh3 42. Raxd5 Rg2 43. Qa7+ Be7 $19) 41... Bc6 42.
Qxd7+ Bxd7 43. Rxa6 Bh3 44. Rf2 (44. Ra7+ {Kortschnoj} Ke6 45. Rxg7 Bxf1 $19)
44... Bh4 (44... Bh4 45. Ra7+ Kf6 46. Rxg7 Bxf2 47. Rg8 Kf5 48. b5 Be3 49. Bxe3
fxe3 $19) 0-1